00853 a2200157 45000010006000000050017000060080041000230030015000640400040000790800077001192450064001962640029002603000019002895050364003081000023006723960620260407155653.0260407a arg spa d AR-UNSa-BCEJYS aAR-UNSa-BCEJYSbspacAR-UNSa-BCEJYS a658:631.1xAdministración de empresas agropecuarias(maquinarias, etc.)10aLa empresa y el desarrollo agropecuario en américa latina 1aBuenos Aires :bPaidós a104 p.c23 cm. a1. Para acelerar el desarrollo agropecuario - 2. Objetivos y métodos de la administración de empresas en la agricultura - 3. El análisis técnico-económico de las empresas como instrumento de la política agraria - 4. Equipos integrados como catalizadores del desarrollo agropecuario - 5. La formación económica de los agricultores y técnicos.1 aRozsavolgyi, Henri